000 00783nam a2200217Ia 4500
005 20241129110208.0
008 241129s9999||||xx |||||||||||||| ||und||
037 _aREF
040 _aARTS
_bhin
_cARTS
041 _ahin
_2hin
084 _aO152,3M90x M8.1-.10(RR)
_qARTS
100 _aगुरूदत्त, ले.
245 0 _aसाहित्यकार गुरूदत्त प्रतिनिधि रचनाएं
_cगुरूदत्त, ले.
250 _aखण्ड 1
260 _aनई दिल्ली, भारत
_bहिन्दी साहित्य सदन
_c2003
365 _aINR
_b400
490 _vV10
650 _aHindi Fiction
942 _cREF
_hO152,3M90x M8.1-.10(RR)
999 _c1227679
_d1227679